书目信息 |
| 题名: |
井冈山
|
|
| 作者: | ;《井冈山》画册编辑组 编 | |
| 分册: | ||
| 出版信息: | 南昌 江西人民出版社 1977 |
|
| 页数: | 1册 | |
| 开本: | 22cm | |
| 丛书名: | ||
| 单 册: | ||
| 中图分类: | J421.56 | |
| 科图分类: | ||
| 主题词: | 摄影艺术--中国 | |
| 电子资源: | ||
| ISBN: | ||
| 000 | 00633nam0 2200205 450 | |
| 001 | 0655115640 | |
| 005 | 20060811152251.45 | |
| 010 | @dCNY12.50 | |
| 100 | @a20060811d1977 km y0chiy0120 ea | |
| 101 | 0 | @achi |
| 102 | @aCN@b360000 | |
| 102 | @aCN@b310000 | |
| 200 | 1 | @a井冈山@Ajing gang shan@f《井冈山》画册编辑组编@F《jing gang shan》hua ce bian ji zu bian |
| 210 | @a南昌@c江西人民出版社@a上海@c上海人民出版社@d1977 | |
| 215 | @a1册@d22cm | |
| 606 | 0 | @a摄影艺术@x中国 |
| 690 | @aJ421.56@v3 | |
| 711 | 0 | @a《井冈山》画册编辑组@A《jing gang shan》hua ce bian ji zu@4编 |
| 801 | 0 | @aCN@bPFT@c20060811 |
| 905 | @a10447@dJ421.56@e183 | |
| 井冈山/《井冈山》画册编辑组编.-南昌:江西人民出版社;上海:上海人民出版社,1977 |
| 1册;22cm |
| ISBN :CNY12.50 |
| ● |
| 相关链接 |
|
|
|
|
正题名:井冈山
索取号:J421.56/183
 
预约/预借
| 序号 | 登录号 | 条形码 | 馆藏地/架位号 | 状态 | 备注 |
| 1 | 0455573 | 204555739 | 密集书库/ [索取号:J421.56/183] | 在馆 |